| 000 | 00000nam##2200000za#4500 |
| 001 | 9.676424 |
| 003 | CaOODSP |
| 005 | 20250403105604 |
| 007 | cr ||||||||||| |
| 008 | 150407|1988||||xxc|||||o f|0| 0 fre|d |
| 040 | |aCaOODSP|bfre |
| 041 | |aeng |
| 041 | |afre |
| 043 | |an-cn--- |
| 086 | 1 |aCS95-114/1988-PDF |
| 245 | 00|aHamilton : partie 2 |h[ressource électronique] |
| 246 | 1 |aSecteurs de recensement |
| 260 | |aOttawa - Ontario : |bStatistique Canada |c1988. |
| 300 | |a248p.|btableaux |
| 590 | |a13-12-Supp|b2013-05-10 |
| 710 | 2 |aStatistique Canada. |
| 791 | |tHamilton : part 2 |eeng|w(CaOODSP)9.676423 |
| 856 | 40|ahttp://publications.gc.ca|qPDF|s15.6 Mo|uhttps://publications.gc.ca/collections/collection_2013/statcan/rh-hc/CS95-114-1988.pdf |